[Event "CAN-op"]
[Site "Winnipeg CAN"]
[Date "1994.07.10"]
[Round "2"]
[White "Tukmakov, Vladimir"]
[Black "Brodie, Hugh"]
[Result "1-0"]
[WhiteElo "2547"]
[BlackElo "2075"]
[PlyCount "65"]
[EventDate "1994.07.09"]
[EventType "swiss"]
[EventRounds "10"]
[EventCountry "CAN"]
[Source "ChessBase"]
[SourceDate "1997.11.17"]

1. d4 e6 2. Nf3 f5 3. g3 Nf6 4. Bg2 d5 5. O-O Bd6 6. b3 Qe7 7. c4 c6 8. Bf4
Bxf4 9. gxf4 O-O 10. e3 Bd7 11. Ne5 Be8 12. Qc1 Bh5 13. Qa3 Qxa3 14. Nxa3 Nbd7
15. Rfc1 Rad8 16. b4 dxc4 17. Naxc4 Nxe5 18. Nxe5 Nd5 19. Rab1 Rc8 20. a4 Rfd8
21. b5 cxb5 22. Rxc8 Rxc8 23. Bxd5 exd5 24. Rxb5 Be8 25. Rxb7 Bxa4 26. Rxa7 Bb3
27. Kg2 Bc2 28. Rd7 Bb3 29. Kg3 Rf8 30. Nc6 Rf6 31. Rd8+ Kf7 32. Ne5+ Ke7 33.
Rg8 1-0

[Event "CAN-op"]
[Site "Winnipeg CAN"]
[Date "1994.07.10"]
[Round "3"]
[White "Brodie, Hugh"]
[Black "Huang, Weize"]
[Result "1-0"]
[WhiteElo "2075"]
[BlackElo "1780"]
[PlyCount "57"]
[EventDate "1994.07.09"]
[EventType "swiss"]
[EventRounds "10"]
[EventCountry "CAN"]

1. e4 a6 2. d4 b5 3. Nf3 Bb7 4. Bd3 Nf6 5. Qe2 c5 6. dxc5 e6 7. e5 Nd5 8. c3
Bxc5 9. O-O Nc6 10. Rd1 Nce7 11. Ng5 h6 12. Ne4 Qc7 13. b4 Ba7 14. Nd6+ Kf8 15.
Qf3 f5 16. Nxb7 Qxb7 17. c4 bxc4 18. Bxc4 Qc7 19. Bxd5 Nxd5 20. Bb2 Rc8 21. Nd2
Kf7 22. Ne4 Kg6 23. Nd6 Rb8 24. Rxd5 Qc2 25. Rdd1 Qxb2 26. Qg3+ Kh7 27. Nc4
Qxb4 28. Rxd7 Rb7 29. Qxg7# 1-0

[Event "CAN-op"]
[Site "Winnipeg CAN"]
[Date "1994.07.11"]
[Round "4"]
[White "Yeung, Wilson"]
[Black "Brodie, Hugh"]
[Result "0-1"]
[WhiteElo "1705"]
[BlackElo "2075"]
[PlyCount "44"]
[EventDate "1994.07.09"]
[EventType "swiss"]
[EventRounds "10"]
[EventCountry "CAN"]

1. e4 c5 2. Nf3 Nc6 3. d4 cxd4 4. Nxd4 g6 5. Nc3 Bg7 6. Be3 Nf6 7. f3 O-O 8.
Bc4 Qb6 9. Bb3 Nxe4 10. fxe4 Bxd4 11. Bxd4 Qxd4 12. Rf1 d6 13. Qf3 Be6 14. Rd1
Qg7 15. Nd5 Bxd5 16. Bxd5 Rac8 17. c3 Rc7 18. Rd2 Ne5 19. Qh3 Nd7 20. g4 Nf6
21. Bb3 Nxe4 22. Re2 Nc5 0-1

[Event "CAN-op"]
[Site "Winnipeg CAN"]
[Date "1994.07.12"]
[Round "5"]
[White "Brodie, Hugh"]
[Black "Lindsay, Fred"]
[Result "1/2-1/2"]
[WhiteElo "2075"]
[BlackElo "2302"]
[PlyCount "66"]
[EventDate "1994.07.09"]
[EventType "swiss"]
[EventRounds "10"]
[EventCountry "CAN"]
[Source "ChessBase"]
[SourceDate "1997.11.17"]

1. f4 Nc6 2. Nf3 e5 3. fxe5 g5 4. g3 g4 5. Nh4 Nxe5 6. d4 Ng6 7. Nxg6 hxg6 8.
e4 d5 9. e5 f5 10. Qd3 c6 11. Bg2 Bh6 12. Bd2 Qe7 13. Qa3 Be6 14. Bb4 Qg5 15.
Bd2 Qd8 16. Nc3 Bxd2+ 17. Kxd2 Qe7 18. Qxe7+ Kxe7 19. Ne2 Nh6 20. h3 g5 21.
hxg4 Nxg4 22. Rxh8 Rxh8 23. Rh1 Rxh1 24. Bxh1 Bf7 25. Bf3 Nh2 26. Ke3 Nf1+ 27.
Kf2 Nd2 28. b3 Ke6 29. Ke3 Nf1+ 30. Kf2 Nh2 31. Ke3 Bg6 32. c3 Kd7 33. Kf2 Nxf3
1/2-1/2

[Event "CAN-op"]
[Site "Winnipeg CAN"]
[Date "1994.07.13"]
[Round "6"]
[White "Cabanas, Francisco"]
[Black "Brodie, Hugh"]
[Result "1-0"]
[WhiteElo "2248"]
[BlackElo "2075"]
[PlyCount "97"]
[EventDate "1994.07.09"]
[EventType "swiss"]
[EventRounds "10"]
[EventCountry "CAN"]
[Source "ChessBase"]
[SourceDate "1997.11.17"]

1. e4 c5 2. Nc3 Nc6 3. d3 g6 4. g3 Bg7 5. Bg2 d6 6. Be3 e6 7. Qd2 Nd4 8. Nd1
Rb8 9. c3 Nc6 10. d4 cxd4 11. cxd4 d5 12. e5 Bd7 13. Ne2 Na5 14. b3 Bb5 15. O-O
Bxe2 16. Qxe2 Ne7 17. g4 h5 18. f3 a6 19. Bg5 Qb6 20. Qf2 Rc8 21. Nb2 Nec6 22.
Rac1 Kd7 23. Be3 Qa7 24. Na4 b6 25. Rc3 Bf8 26. Bg5 Bb4 27. Rc2 Be7 28. Bxe7
Nxe7 29. Rfc1 Nac6 30. Bf1 Rh7 31. a3 Rch8 32. g5 Rc8 33. b4 Nf5 34. b5 Nce7
35. Rxc8 Nxc8 36. bxa6 Rh8 37. Bb5+ Ke7 38. Qb2 Kd8 39. Be2 Rg8 40. Rb1 b5 41.
Nc5 Qe7 42. Nb7+ Kc7 43. f4 Na7 44. Bxb5 Nxb5 45. Qxb5 Qxa3 46. Qb6+ Kd7 47.
Nc5+ Ke7 48. Qc7+ Kf8 49. Nxe6+ 1-0

[Event "CAN-op"]
[Site "Winnipeg CAN"]
[Date "1994.07.14"]
[Round "7"]
[White "Brodie, Hugh"]
[Black "Jaeger, Martin"]
[Result "1/2-1/2"]
[WhiteElo "2075"]
[BlackElo "1865"]
[PlyCount "44"]
[EventDate "1994.07.09"]
[EventType "swiss"]
[EventRounds "10"]
[EventCountry "CAN"]

1. e4 e6 2. d3 d5 3. Nd2 Nf6 4. Ngf3 c5 5. g3 Nc6 6. Bg2 Be7 7. O-O O-O 8. e5
Nd7 9. Re1 f6 10. exf6 Bxf6 11. Bh3 Nde5 12. Nxe5 Bxe5 13. f4 Bd4+ 14. Kg2 Qd6
15. Qe2 Re8 16. f5 Nd8 17. Nf3 Bf6 18. Ng5 Bxg5 19. Bxg5 e5 20. g4 Nf7 21. Bh4
Bd7 22. Qd2 Qh6 1/2-1/2

[Event "CAN-op"]
[Site "Winnipeg CAN"]
[Date "1994.07.15"]
[Round "8"]
[White "Nikulin, Alexander"]
[Black "Brodie, Hugh"]
[Result "0-1"]
[WhiteElo "1890"]
[BlackElo "2075"]
[PlyCount "160"]
[EventDate "1994.07.09"]
[EventType "swiss"]
[EventRounds "10"]
[EventCountry "CAN"]

1. e4 c5 2. Nf3 Nc6 3. d4 cxd4 4. Nxd4 g6 5. Nc3 Bg7 6. Be3 Nf6 7. Qd2 O-O 8.
Nxc6 bxc6 9. Bh6 Qa5 10. Bxg7 Kxg7 11. Be2 Rb8 12. b3 d6 13. O-O c5 14. Rfd1
Bb7 15. Bf3 Nd7 16. Nd5 Qxd2 17. Rxd2 Rfe8 18. Be2 Bc6 19. f3 Kf8 20. a4 Rec8
21. Ne3 Rc7 22. Nc4 Ke8 23. Na5 Kd8 24. Nxc6+ Rxc6 25. Bc4 Ke8 26. Re1 Kf8 27.
f4 Nb6 28. Bb5 Rc7 29. g4 h6 30. f5 Nd7 31. Bxd7 Rxd7 32. e5 Rb4 33. h3 gxf5
34. gxf5 Rf4 35. e6 Rb7 36. Rf2 Rbb4 37. Re3 Rbd4 38. c3 Rd1+ 39. Kg2 Rxf2+ 40.
Kxf2 Rb1 41. c4 Kg7 42. Rf3 Kf6 43. Re3 fxe6 44. fxe6 a5 45. Kg2 Rd1 46. Kf2
Rd4 47. Kg3 Kf5 48. Kf3 Rf4+ 49. Kg2 Re4 50. Rg3 Rxe6 51. Rf3+ Kg6 52. Rf8 Re3
53. Rb8 Kf5 54. Rb5 Kf4 55. Rxa5 Rg3+ 56. Kf2 Rxb3 57. Ra7 Rb2+ 58. Ke1 e5 59.
Rd7 Rb6 60. a5 Ra6 61. Kd2 e4 62. Rf7+ Ke5 63. Re7+ Kd4 64. Re6 h5 65. h4 Kxc4
66. Rxe4+ Kd5 67. Ra4 Kc6 68. Ra1 d5 69. Kc3 Kb5 70. Rb1+ Kxa5 71. Rf1 Kb5 72.
Rf5 d4+ 73. Kd3 Re6 74. Rxh5 Re3+ 75. Kd2 Rh3 76. Rh8 Kc4 77. h5 Rh2+ 78. Ke1
Kc3 79. h6 d3 80. Rc8 d2+ 0-1

[Event "CAN-op"]
[Site "Winnipeg CAN"]
[Date "1994.07.16"]
[Round "9"]
[White "Brodie, Hugh"]
[Black "Leblanc, Paul"]
[Result "1/2-1/2"]
[WhiteElo "2075"]
[BlackElo "1965"]
[PlyCount "66"]
[EventDate "1994.07.09"]
[EventType "swiss"]
[EventRounds "10"]
[EventCountry "CAN"]

1. f4 d5 2. e3 Nf6 3. Nf3 g6 4. d4 Bg7 5. Bd3 O-O 6. O-O c5 7. c3 Bg4 8. Qe1
Bxf3 9. Rxf3 Nbd7 10. Nd2 Qb6 11. f5 e5 12. fxe6 fxe6 13. dxc5 Nxc5 14. Bc2
Nfd7 15. Nb3 Rxf3 16. gxf3 Rf8 17. Kg2 Qd8 18. e4 Qf6 19. Qe2 dxe4 20. fxe4 Qh4
21. Bd2 Be5 22. Kg1 Nxb3 23. Bxb3 Nc5 24. Bc2 Bxh2+ 25. Qxh2 Qxh2+ 26. Kxh2
Rf2+ 27. Kg3 Rxd2 28. Rc1 Nd3 29. Bxd3 Rxd3+ 30. Kf4 Rd2 31. Rb1 Kf7 32. Ke5
Ke7 33. a4 h6 1/2-1/2

[Event "CAN-op"]
[Site "Winnipeg CAN"]
[Date "1994.07.17"]
[Round "10"]
[White "Jung, Hans"]
[Black "Brodie, Hugh"]
[Result "1/2-1/2"]
[WhiteElo "2197"]
[BlackElo "2075"]
[PlyCount "81"]
[EventDate "1994.07.09"]
[EventType "swiss"]
[EventRounds "10"]
[EventCountry "CAN"]

1. e4 c5 2. Nf3 Nc6 3. c3 d5 4. exd5 Qxd5 5. d4 e6 6. Na3 Bd6 7. Nb5 Bb8 8.
dxc5 Qxc5 9. Be3 Qe7 10. b4 b6 11. Qa4 Bb7 12. Nbd4 Qc7 13. Ba6 Nge7 14. Ne5
Bxa6 15. Nexc6 Nxc6 16. Nxc6 Bb7 17. Nxb8+ Ke7 18. O-O Rhxb8 19. Qc2 Qc6 20. f3
h6 21. Rad1 e5 22. Rfe1 Kf8 23. Bf2 Re8 24. Qh7 f6 25. c4 Kf7 26. c5 bxc5 27.
bxc5 Rad8 28. Be3 Rd5 29. Kh1 Kf8 30. Rb1 Ba6 31. Rb3 Red8 32. h3 Bd3 33. Rxd3
Rxd3 34. Bg1 Rd1 35. Rxd1 Rxd1 36. Kh2 Kf7 37. Be3 Kf8 38. Qh8+ Kf7 39. Qh7 Kf8
40. Qh8+ Kf7 41. Qh7 1/2-1/2

[Event "RA Spring op"]
[Site "Ottawa CAN"]
[Date "1994.03.12"]
[Round "1"]
[White "Devenport, Martin"]
[Black "Brodie, Hugh"]
[Result "1/2-1/2"]
[WhiteElo "2260"]
[BlackElo "2060"]
[PlyCount "60"]
[EventDate "1994.03.12"]
[EventType "swiss"]
[EventRounds "5"]
[EventCountry "CAN"]

1. g3 d5 2. Bg2 e6 3. c4 c6 4. Nf3 Nd7 5. O-O Bd6 6. d4 Ngf6 7. Nc3 O-O 8. Nd2
Bc7 9. e4 dxe4 10. Ndxe4 Qe7 11. Re1 Rd8 12. Bg5 h6 13. Bh4 g5 14. Nxg5 hxg5
15. Bxg5 Qf8 16. Ne4 Qg7 17. Qf3 Nxe4 18. Rxe4 f5 19. Rxe6 Qxg5 20. h4 Qg4 21.
Qe3 Nf8 22. Bf3 Qxd4 23. Qg5+ Qg7 24. Qxg7+ Kxg7 25. Re7+ Kf6 26. Rxc7 Ne6 27.
Rh7 Kg6 28. Re7 Kf6 29. Rh7 Kg6 30. Re7 Kf6 1/2-1/2

[Event "RA Spring op"]
[Site "Ottawa CAN"]
[Date "1994.03.12"]
[Round "2"]
[White "Saleh, Maher"]
[Black "Brodie, Hugh"]
[Result "1-0"]
[WhiteElo "2255"]
[BlackElo "2060"]
[PlyCount "71"]
[EventDate "1994.03.12"]
[EventType "swiss"]
[EventRounds "5"]
[EventCountry "CAN"]

1. Nf3 f5 2. g3 e6 3. Bg2 Nf6 4. O-O Be7 5. c4 O-O 6. b3 d5 7. d4 c6 8. Ba3 Ne4
9. Bxe7 Qxe7 10. Qc2 Nd7 11. Nbd2 Ndf6 12. Ne5 Bd7 13. Ndf3 Be8 14. Nd3 Bh5 15.
Nfe5 Rad8 16. Qb2 Qd6 17. c5 Qe7 18. b4 Rb8 19. a4 Rfc8 20. b5 Qc7 21. Rfb1
Bxe2 22. Qxe2 Nc3 23. Qe1 Nxb1 24. Rxb1 Re8 25. bxc6 bxc6 26. Nb4 Qb7 27. Nexc6
a5 28. Nxa5 Qa8 29. Nbc6 Rbc8 30. Ne5 Rc7 31. Rb5 Ne4 32. Qb4 Qd8 33. Rb7 Rxb7
34. Nxb7 Qg5 35. f4 Qh5 36. Nf3 1-0

[Event "RA Spring op"]
[Site "Ottawa CAN"]
[Date "1994.03.12"]
[Round "3"]
[White "Brodie, Hugh"]
[Black "Gordon, David"]
[Result "1/2-1/2"]
[WhiteElo "2060"]
[BlackElo "2080"]
[PlyCount "59"]
[EventDate "1994.03.12"]
[EventType "swiss"]
[EventRounds "5"]
[EventCountry "CAN"]

1. e4 c5 2. Nf3 Nc6 3. Bb5 g6 4. O-O Bg7 5. c3 Nf6 6. Re1 O-O 7. d4 cxd4 8.
cxd4 d5 9. e5 Ne4 10. Nc3 Nxc3 11. bxc3 Qa5 12. Bxc6 Qxc3 13. Bxb7 Bxb7 14. Bg5
e6 15. Be7 Rfc8 16. Bc5 Bh6 17. Re2 Ba6 18. Rc2 Qd3 19. Rb2 Qe4 20. Nd2 Qf5 21.
Nf3 Bd3 22. Ne1 Bc4 23. Rab1 Bf4 24. Be7 a6 25. a4 Qe4 26. Bd6 Bh6 27. Bc5 Bf4
28. Bd6 Bh6 29. Bc5 Bf4 30. Bd6 1/2-1/2

[Event "RA Spring op"]
[Site "Ottawa CAN"]
[Date "1994.03.13"]
[Round "4"]
[White "Brodie, Hugh"]
[Black "Raletich, George"]
[Result "1-0"]
[WhiteElo "2060"]
[BlackElo "1960"]
[PlyCount "49"]
[EventDate "1994.03.12"]
[EventType "swiss"]
[EventRounds "5"]
[EventCountry "CAN"]

1. e4 e5 2. Nc3 Nc6 3. Bc4 Na5 4. Bxf7+ Ke7 5. Bxg8 Rxg8 6. d4 h6 7. Qh5 d6 8.
dxe5 g6 9. exd6+ cxd6 10. Qe2 Bg7 11. Nd5+ Ke8 12. Nf3 Nc6 13. c3 Bg4 14. h3
Bxf3 15. Qxf3 Ne5 16. Qe2 Qd7 17. Bxh6 Kf7 18. Bxg7 Kxg7 19. b3 b5 20. Rd1 Rh8
21. Qd2 Rxh3 22. Rxh3 Qxh3 23. gxh3 Nf3+ 24. Kf1 Nxd2+ 25. Rxd2 1-0

[Event "RA Spring op"]
[Site "Ottawa CAN"]
[Date "1994.03.13"]
[Round "5"]
[White "Cote, Jacques"]
[Black "Brodie, Hugh"]
[Result "1/2-1/2"]
[WhiteElo "2115"]
[BlackElo "2060"]
[PlyCount "62"]
[EventDate "1994.03.12"]
[EventType "swiss"]
[EventRounds "5"]
[EventCountry "CAN"]

1. e4 c5 2. Nf3 Nc6 3. d4 cxd4 4. Nxd4 g6 5. c4 Bg7 6. Be3 Nf6 7. Nc3 Ng4 8.
Qxg4 Nxd4 9. Qd1 e5 10. Nd5 O-O 11. Bd3 d6 12. Qd2 Be6 13. O-O f5 14. Bxd4 exd4
15. f4 Bxd5 16. exd5 Re8 17. Rfe1 Qd7 18. h3 Kf8 19. Kf1 b6 20. Rab1 Rxe1+ 21.
Rxe1 Re8 22. b4 Rxe1+ 23. Qxe1 Qe7 24. g4 fxg4 25. hxg4 Qxe1+ 26. Kxe1 Kf7 27.
Kd2 Bf6 28. g5 Bg7 29. f5 gxf5 30. Bxf5 h6 31. g6+ Kf6 1/2-1/2

[Event "Lakeshore CC ch"]
[Site "Montreal CAN"]
[Date "1994.??.??"]
[Round "1"]
[White "Muraszko, John"]
[Black "Brodie, Hugh"]
[Result "0-1"]
[WhiteElo "1765"]
[BlackElo "2060"]
[PlyCount "42"]
[EventDate "1994.??.??"]
[EventCountry "CAN"]

1. e4 c5 2. f4 e6 3. Nf3 Nc6 4. Nc3 d5 5. e5 Nge7 6. g4 h5 7. Bh3 hxg4 8. Bxg4
Nf5 9. Bxf5 exf5 10. d3 Be6 11. h4 Be7 12. h5 Qc7 13. d4 cxd4 14. Nxd4 Nxd4 15.
Qxd4 Bc5 16. Qa4+ Ke7 17. b4 Bb6 18. Bb2 Qc4 19. Qb5 Qxf4 20. Nxd5+ Bxd5 21.
Qxd5 Qf2+ 0-1

[Event "Lakeshore CC ch"]
[Site "Montreal CAN"]
[Date "1994.??.??"]
[Round "2"]
[White "Brodie, Hugh"]
[Black "Leimanis, Eriks"]
[Result "0-1"]
[WhiteElo "2060"]
[BlackElo "2070"]
[PlyCount "82"]
[EventDate "1994.??.??"]
[EventCountry "CAN"]

1. b3 Nf6 2. Bb2 e6 3. e3 d5 4. f4 Be7 5. Nf3 O-O 6. Be2 c5 7. O-O Nc6 8. Ne5
Qc7 9. Bb5 Bd7 10. Bxc6 Bxc6 11. d3 Nd7 12. Qh5 Bf6 13. d4 g6 14. Qh3 cxd4 15.
exd4 Bb5 16. Rf2 Bg7 17. Na3 Bc6 18. c3 Nf6 19. Nc2 Ne4 20. Rf3 a5 21. Ne3 f5
22. Rff1 a4 23. Rfd1 a3 24. Bc1 Nxc3 25. Re1 Ne4 26. Nc2 Qb6 27. Qe3 Bxe5 28.
fxe5 Rf7 29. Bxa3 Bb5 30. Bb2 Rc8 31. Na3 f4 32. Qh3 Ba6 33. Rac1 Rcf8 34. Qf3
Ng5 35. Qg4 f3 36. Rf1 Bxf1 37. Rxf1 f2+ 38. Kh1 Qa6 39. Qd1 Ne4 40. Nc2 Qxf1+
41. Qxf1 Nd2 0-1

[Event "National op"]
[Site "Las Vegas USA"]
[Date "1994.??.??"]
[Round "1"]
[White "Brodie, Hugh"]
[Black "Levin, Eugene"]
[Result "0-1"]
[WhiteElo "1960"]
[BlackElo "2175"]
[PlyCount "102"]
[EventDate "1994.??.??"]
[EventType "swiss"]
[EventRounds "6"]
[EventCountry "USA"]

1. b3 e5 2. Bb2 d6 3. e3 Nf6 4. c4 g6 5. d3 Bg7 6. g3 Bd7 7. Bg2 Bc6 8. Nf3 O-O
9. Nc3 Nbd7 10. O-O d5 11. cxd5 Nxd5 12. Rc1 Nb4 13. a3 Nxd3 14. Qxd3 e4 15.
Qe2 exf3 16. Bxf3 Bxf3 17. Qxf3 c6 18. Rfd1 Qe7 19. Qe2 Rfd8 20. b4 b5 21. Nb1
Bxb2 22. Qxb2 Ne5 23. Qe2 a5 24. Rd4 axb4 25. axb4 Nc4 26. Qf3 Rxd4 27. exd4
Qxb4 28. Qxc6 Ra1 29. Qe4 Qb2 30. Re1 Nd6 31. Qd3 Ra2 32. Qe3 b4 33. Rc1 Ra1
34. Rc8+ Nxc8 35. Qe8+ Kg7 36. Qe5+ Kf8 37. Qh8+ Ke7 38. Qe5+ Kd7 39. Qb5+ Kc7
40. Qc5+ Kb7 41. Qd5+ Ka6 42. Qc4+ Ka5 43. Qd5+ Ka4 44. Qc6+ Kb3 45. Qd5+ Kc2
46. Qe4+ Kd1 47. Qd3+ Kc1 48. Qf1+ Kc2 49. Qc4+ Qc3 50. Qe2+ Kxb1 51. Kg2 Qc6+
0-1

[Event "National op"]
[Site "Las Vegas USA"]
[Date "1994.??.??"]
[Round "2"]
[White "Stenzel, Howard"]
[Black "Brodie, Hugh"]
[Result "0-1"]
[WhiteElo "2100"]
[BlackElo "1960"]
[PlyCount "90"]
[EventDate "1994.??.??"]
[EventType "swiss"]
[EventRounds "6"]
[EventCountry "USA"]

1. e4 c5 2. Nf3 Nc6 3. d4 cxd4 4. Nxd4 g6 5. Nc3 Bg7 6. Be3 Nf6 7. f3 Qb6 8.
Nf5 Qxb2 9. Nxg7+ Kf8 10. Na4 Qe5 11. Bh6 Nxe4 12. fxe4 Qxe4+ 13. Be2 Qh4+ 14.
g3 Qxh6 15. Nh5 gxh5 16. Bxh5 Qe3+ 17. Qe2 Qxe2+ 18. Kxe2 d6 19. Rhf1 Be6 20.
Rf4 Ne5 21. Nc3 Rg8 22. Kd2 Bg4 23. Bxg4 Rxg4 24. Rf5 e6 25. Rf2 Rd4+ 26. Ke1
a6 27. Rb1 b5 28. Ne2 Rc4 29. Nf4 Ke7 30. Rd1 Rac8 31. Rc1 Rxf4 32. Rxf4 Nd3+
33. cxd3 Rxc1+ 34. Kd2 Ra1 35. Rh4 Rxa2+ 36. Kc3 a5 37. Rxh7 b4+ 38. Kb3 Ra3+
39. Kc2 a4 40. Rh8 Ra2+ 41. Kb1 b3 42. h4 Rg2 43. Ra8 Rxg3 44. Rxa4 Rxd3 45. h5
Rh3 0-1

[Event "National op"]
[Site "Las Vegas USA"]
[Date "1994.??.??"]
[Round "3"]
[White "Brodie, Hugh"]
[Black "Keatinge Clay, Adrian"]
[Result "0-1"]
[WhiteElo "1960"]
[BlackElo "2150"]
[PlyCount "134"]
[EventDate "1994.??.??"]
[EventType "swiss"]
[EventRounds "6"]
[EventCountry "USA"]

1. f4 d5 2. e3 c5 3. b3 Nc6 4. Bb2 Nf6 5. Bb5 e6 6. Nf3 Bd6 7. O-O O-O 8. Bxc6
bxc6 9. Ne5 Qc7 10. Qe1 Nd7 11. Nxd7 Bxd7 12. Qh4 f6 13. d3 e5 14. f5 c4 15. e4
cxd3 16. cxd3 Qb6+ 17. Kh1 Qe3 18. Rf3 Qe2 19. Qf2 Qxf2 20. Rxf2 g6 21. g4 h5
22. h3 Kf7 23. Nc3 hxg4 24. hxg4 Rg8 25. Rg2 Rg7 26. Rf1 Rag8 27. Rh2 Bc5 28.
Ne2 gxf5 29. gxf5 Rg4 30. Rh7+ R8g7 31. Rxg7+ Kxg7 32. Nc3 Bd4 33. Re1 c5 34.
Nd1 Bxb2 35. Nxb2 dxe4 36. dxe4 Bc6 37. Rg1 Bxe4+ 38. Kh2 Rxg1 39. Kxg1 Bb1 40.
Na4 Bxa2 41. Nxc5 Bb1 42. b4 Bxf5 43. Kf2 Kg6 44. Ke3 Kg5 45. Nb7 Bd7 46. Nc5
Bc6 47. Nd3 e4 48. Nf4 f5 49. Ne6+ Kf6 50. Nd4 Bd7 51. Kf4 a6 52. Nb3 Bc8 53.
Nc5 e3 54. Kxe3 Ke5 55. Nd3+ Kd5 56. Nb2 Bd7 57. Nd3 Bb5 58. Nb2 Bc6 59. Kf4
Kd4 60. Kxf5 Be4+ 61. Kf4 Bc2 62. Kf3 Kc3 63. Ke3 Kxb2 64. Kd2 Kb3 65. Kc1 Bf5
66. Kd2 Kxb4 67. Kc1 Kb3 0-1

[Event "National op"]
[Site "Las Vegas USA"]
[Date "1994.??.??"]
[Round "4"]
[White "Buchawiecki, Micha"]
[Black "Brodie, Hugh"]
[Result "0-1"]
[WhiteElo "2105"]
[BlackElo "1960"]
[PlyCount "78"]
[EventDate "1994.??.??"]
[EventType "swiss"]
[EventRounds "6"]
[EventCountry "USA"]

1. d4 e6 2. Nf3 f5 3. Bf4 Nf6 4. e3 b6 5. a4 Bb7 6. Nbd2 Be7 7. h3 O-O 8. c3
Ne4 9. a5 Bd6 10. a6 Bc8 11. Ne5 Nxd2 12. Qxd2 Be7 13. Be2 d6 14. Nf3 Bf6 15.
Bc4 Qe7 16. g4 g6 17. g5 Bg7 18. h4 Nc6 19. h5 Na5 20. Be2 Nb3 21. Qd1 Nxa1 22.
hxg6 hxg6 23. Nh4 Qf7 24. Nxg6 Qxg6 25. Bh5 Qh7 26. Qxa1 Rb8 27. Qd1 Bh8 28.
Bf3 Qe7 29. g6 Qf6 30. Kd2 Bg7 31. Qg1 Bd7 32. Bh5 e5 33. Bg5 Qe6 34. Bf3 Qxg6
35. d5 Bf6 36. Rh6 Qxg5 37. Rg6+ Qxg6 38. Qxg6+ Bg7 39. Bh5 Rf6 0-1

[Event "National op"]
[Site "Las Vegas USA"]
[Date "1994.??.??"]
[Round "5"]
[White "Brodie, Hugh"]
[Black "Ivins, Jeffrey"]
[Result "0-1"]
[WhiteElo "1960"]
[BlackElo "2100"]
[PlyCount "103"]
[EventDate "1994.??.??"]
[EventType "swiss"]
[EventRounds "6"]
[EventCountry "USA"]

1. f4 g6 2. e4 d6 3. d4 Bg7 4. Nf3 Nf6 5. Bd3 O-O 6. O-O Nc6 7. e5 dxe5 8. fxe5
Nd5 9. c3 f6 10. exf6 exf6 11. Na3 Re8 12. Nc2 Kh8 13. Re1 Bg4 14. Rxe8+ Qxe8
15. h3 Be6 16. Bd2 a5 17. Qe1 Bf7 18. Qh4 Qd7 19. Re1 Re8 20. Kf2 Rxe1 21. Kxe1
Nce7 22. g4 c5 23. c4 Nb6 24. d5 Nbxd5 25. cxd5 Qxd5 26. Be2 Qxa2 27. Bc3 Nd5
28. Kd2 Nxc3 29. bxc3 Qd5+ 30. Ke3 Qb3 31. Kd2 f5 32. Qd8+ Bg8 33. Qxa5 b6 34.
Qa1 b5 35. Ne3 b4 36. Nd1 fxg4 37. hxg4 bxc3+ 38. Nxc3 Qb4 39. g5 h6 40. Bd3
Bd5 41. Be2 Qf4+ 42. Kc2 Bxf3 43. Bxf3 Qxf3 44. gxh6 Qxc3+ 45. Qxc3 Bxc3 46.
Kxc3 Kh7 47. Kc4 Kxh6 48. Kxc5 Kg5 49. Kd4 Kf4 50. Kd3 Kf3 51. Kd2 Kf2 52. Kd3
0-1

[Event "National op"]
[Site "Las Vegas USA"]
[Date "1994.??.??"]
[Round "6"]
[White "Vihon, Howard"]
[Black "Brodie, Hugh"]
[Result "1/2-1/2"]
[WhiteElo "2060"]
[BlackElo "1960"]
[PlyCount "98"]
[EventDate "1994.??.??"]
[EventType "swiss"]
[EventRounds "6"]
[EventCountry "USA"]

1. d4 e6 2. g3 f5 3. Bg2 Nf6 4. Nf3 d5 5. O-O Bd6 6. c4 c6 7. b3 Qe7 8. Bb2 O-O
9. Ne5 Nbd7 10. Nd3 dxc4 11. bxc4 e5 12. Qb3 Kh8 13. dxe5 Nxe5 14. Nxe5 Bxe5
15. Ba3 Bd6 16. Bxd6 Qxd6 17. Nc3 Qe7 18. e3 Be6 19. Rfc1 Rac8 20. a4 b6 21.
Ne2 Rfd8 22. Nd4 Ne4 23. Nxe6 Qxe6 24. Bxe4 fxe4 25. Rd1 Kg8 26. Qc2 Qe5 27.
Rxd8+ Rxd8 28. Rd1 Rxd1+ 29. Qxd1 Qe7 30. Qd4 Kf7 31. h4 Kg6 32. Kf1 Kf5 33.
Ke2 g5 34. hxg5 Kxg5 35. f3 exf3+ 36. Kxf3 Qf6+ 37. Qf4+ Kg6 38. Ke4 Qe6+ 39.
Kd4 Qd7+ 40. Kc3 Qd1 41. Qe4+ Kg5 42. Qxh7 Qc1+ 43. Kb3 Qxe3+ 44. Kb2 Qxg3 45.
Qg7+ Kf4 46. Qc7+ Kg5 47. Qxc6 Qf2+ 48. Kc3 Qe3+ 49. Kb4 Qd2+ 1/2-1/2

[Event "RA Spring op"]
[Site "Ottawa CAN"]
[Date "1993.03.06"]
[Round "1"]
[White "Ross, Dave"]
[Black "Brodie, Hugh"]
[Result "1-0"]
[WhiteElo "2345"]
[BlackElo "2085"]
[PlyCount "87"]
[EventDate "1993.03.06"]
[EventType "swiss"]
[EventRounds "5"]
[EventCountry "CAN"]

1. d4 e6 2. Nf3 f5 3. c4 Nf6 4. g3 d5 5. Bg2 c6 6. O-O Bd6 7. Bf4 O-O 8. Bxd6
Qxd6 9. Qc2 Nbd7 10. Nbd2 Ne4 11. Rac1 Ndf6 12. e3 Bd7 13. Ne5 Nxd2 14. Qxd2
Ne4 15. Qe2 Be8 16. f4 Nf6 17. Bf3 Rd8 18. Kh1 Qe7 19. Rg1 Kh8 20. c5 Bf7 21.
b4 a6 22. a4 Qe8 23. b5 axb5 24. axb5 cxb5 25. Rb1 Bh5 26. Bxh5 Nxh5 27. Qxb5
Nf6 28. Qxe8 Rdxe8 29. Rxb7 Ne4 30. Ra1 Ra8 31. Rxa8 Rxa8 32. Rb2 h6 33. c6 Nd6
34. Kg2 Kh7 35. Kf3 Rc8 36. Ra2 Rc7 37. Ra8 Nc8 38. Rb8 Nd6 39. Rd8 Nc4 40.
Nxc4 dxc4 41. Rd6 Re7 42. Ke2 Kg6 43. Kd2 Kf7 44. Kc3 1-0

[Event "RA Spring op"]
[Site "Ottawa CAN"]
[Date "1993.03.06"]
[Round "2"]
[White "Brodie, Hugh"]
[Black "Dagenais, Dave"]
[Result "1-0"]
[WhiteElo "2085"]
[BlackElo "1770"]
[PlyCount "29"]
[EventDate "1993.03.06"]
[EventType "swiss"]
[EventRounds "5"]
[EventCountry "CAN"]

1. e4 c5 2. Nf3 Nc6 3. Bb5 Qc7 4. O-O e6 5. c3 Nf6 6. Re1 Be7 7. d4 cxd4 8.
cxd4 O-O 9. Nc3 a6 10. Bxc6 dxc6 11. Bg5 Bd7 12. e5 h6 13. exf6 gxf6 14. Bxh6
Rfe8 15. Ne5 1-0

[Event "RA Spring op"]
[Site "Ottawa CAN"]
[Date "1993.03.06"]
[Round "3"]
[White "Ferguson, Peter"]
[Black "Brodie, Hugh"]
[Result "1-0"]
[WhiteElo "2280"]
[BlackElo "2065"]
[PlyCount "59"]
[EventDate "1993.03.06"]
[EventType "swiss"]
[EventRounds "5"]
[EventCountry "CAN"]

1. e4 c5 2. Nf3 Nc6 3. d4 cxd4 4. Nxd4 g6 5. Nc3 Bg7 6. Be3 Nf6 7. Bc4 Qa5 8.
O-O O-O 9. f4 d6 10. Kh1 Qb4 11. Bb3 Ng4 12. Nxc6 bxc6 13. Bd2 Qc5 14. Qf3 Qh5
15. h3 Nf6 16. Rae1 e6 17. g4 Qa5 18. e5 dxe5 19. fxe5 Nd7 20. Ne4 Qxe5 21. Bb4
Qb5 22. Bxf8 Ne5 23. Nf6+ Bxf6 24. Qxf6 Kxf8 25. Rxe5 Qb7 26. Bxe6 Bxe6 27.
Qh8+ Ke7 28. Rxe6+ Kxe6 29. Re1+ Kd6 30. Qe5+ 1-0

[Event "RA Spring op"]
[Site "Ottawa CAN"]
[Date "1993.03.07"]
[Round "4"]
[White "Brodie, Hugh"]
[Black "Tomalty, Alan"]
[Result "0-1"]
[WhiteElo "2065"]
[BlackElo "1955"]
[PlyCount "86"]
[EventDate "1993.03.06"]
[EventType "swiss"]
[EventRounds "5"]
[EventCountry "CAN"]

1. e4 e5 2. Nc3 Nf6 3. f4 d5 4. fxe5 Nxe4 5. Nf3 Bg4 6. Qe2 Nxc3 7. bxc3 Be7 8.
d4 c6 9. Qe3 O-O 10. Bd3 Nd7 11. O-O c5 12. Qf4 Bh5 13. Qg3 c4 14. Bf5 Bg6 15.
Bxg6 fxg6 16. Bg5 Rf5 17. Bxe7 Qxe7 18. Nh4 Rxf1+ 19. Rxf1 Rf8 20. Rxf8+ Nxf8
21. Qe1 Qa3 22. g3 Ne6 23. Ng2 Qxa2 24. Ne3 Qa5 25. Kf2 Ng5 26. Nd1 Qa2 27. Ne3
Ne4+ 28. Kf3 Qa5 29. Nxd5 Ng5+ 30. Kg4 Qxd5 31. Kxg5 Qg2 32. Kf4 Qxh2 33. Qe4
Qf2+ 34. Kg4 h5+ 35. Kh3 Qf5+ 36. Qxf5 gxf5 37. Kh4 Kf7 38. d5 a5 39. Kg5 a4
40. e6+ Ke7 41. Kxf5 a3 42. Ke5 a2 43. d6+ Kd8 0-1